00831 2200301 4500001002100000005001500021035002500036007000300061008004100064020002200105040001700127082001500144084001700159090002100176090002100197100002200218245007000240250001100310260003300321300004500354650002300399700001900422850001200441999002100453990002100474990001700495990001700512INLIS00000000000421520200603090248 a0010-041500000001281ta150416s2014 yoia br 1 ind d a979-978-29-4396-2 aYOPDYOGbind04222a028.55 a028.55 NAS b aDEP 028.55 NAS b aCB-D.11 2014-8430 aNasri Alam Rifani00aBerani yuk gelap /cNasri Alam Rifani; penyunting, Risa Ambarizky aCet. 13 aYogyakarta :bRainbow,c2014 a25 halaman :bilustrasi, gambar ;c19 cm 4aBacaan kanak-kanak0 aRisa Ambarizky aYOPDYOG aCB-D.11/2014-843 aCB-D.11/2014-843 a3281-KS/B.15 a3282-KS/B.15